Scrambled Words- Halloween - Statistics

General Stats
  • This quiz has been taken 18 times
  • The average score is 15 of 20
Answer Stats
Scrambled Word Unscrambled Word % Correct
SNOBE Bones
94%
YDCNA Candy
94%
LOWH Howl
94%
PMINKPU Pumpkin
94%
TWHIC Witch
94%
RECSA Scare
88%
KICRT Trick
88%
EEEIR Eerie
82%
SOTGH Ghost
82%
LUOHG Ghoul
82%
BOCBEW Cobweb
76%
PEYCRE Creepy
76%
REDIPS Spider
76%
UATHN Haunt
71%
LKSENETO Skeleton
71%
PEMRIVA Vampire
71%
UCSTOEM Costume
65%
ACRMABE Macabre
53%
SMUBOTTNE Tombstone
35%
DLROCOUBIDNGL Bloodcurdling
12%
No matching quizzes found
Score Distribution
Percent of People with Each Score
Percentile by Number Answered
Your Score History
You have not taken this quiz